| 000 | 00604nam a2200205Ia 4500 | ||
|---|---|---|---|
| 003 | OSt | ||
| 005 | 20260331115117.0 | ||
| 008 | 210210b1970 xxu||||| |||| 00| 0 eng d | ||
| 040 | _cAL | ||
| 041 | _aHindi | ||
| 082 | _aH891.4 DVIV | ||
| 100 |
_aDVIVEDI (Jagadishprasad). _d जगदीश प्रसाद द्विवेदी _9259822 |
||
| 245 |
_aWorkshop practice _bवर्कशॉप प्रैक्टिस |
||
| 260 |
_aAgra _bRamprasad End Sans _c1970 |
||
| 300 | _a279,vi | ||
| 650 |
_aWorkshop _9259823 |
||
| 690 |
_aHindi Prose _9259824 |
||
| 906 | _a029315 | ||
| 942 |
_2ddc _cBK |
||
| 999 |
_c80536 _d80536 |
||